000 01980 am a2200589 a 4500
005 20240517110212.0
008 100330s1999||||ag # f |||| 000 0 spa d
020 _a9502310322
041 _aspa
092 _c614
_l51
_sMAZ
100 1 _aMazzáfero, Vicente Enrique.
_9219
245 _aMedicina y salud pública /
_cVicente Enrique Mazzáfero.
250 _a1a ed.
260 _aBuenos Aires:
_bEUDEBA;
_c1999.
300 _a958 p.
500 _aMazzáfero, V. E. (1999). Medicina y salud pública. (1a ed.). Buenos Aires : EUDEBA.
590 _aDonación Cecilia Fontana, 2007
653 _aSalud pública en las sociedades humanas
653 _aSistemas de salud
653 _aAdministración de salud
653 _aEstrategias para la cobertura
653 _aEconomía y salud
653 _aIntegración intersectorial
653 _aDemografía
653 _aInformación médica de la causa de muerte y clasificación de las enfermedades
653 _aEpidemiología
653 _aEpidemiología genética
653 _aTransición demoepidemiológica
653 _aMétodo epidemiológico
653 _aInvestigación en salud pública
653 _aEcología humana
653 _aDerecho a la salud y el medio ambiente
653 _aConductas y salud. Educación para la salud
653 _aTecnoloía médica
653 _aParticipación comunitaria
653 _aAlimentación
653 _aEvaluación de programas sociales
653 _aSaneamiento
653 _aSalud mental de la población
653 _aSalud oral
653 _aEnfermería en salud pública
653 _aServicio social
653 _aAuditoria médica
653 _aAcreditación
653 _aSalud laboral
653 _aHigiene y seguridad del trabajo
653 _aLey de riesgos de trabajo
653 _aDerecho de la seguridad social y el sistema de salud
653 _aFiscalización
930 _a1810
942 _2ddc
_cBK
999 _c199
_d199